Men are from Mars, women are from Venus : (Record no. 21257)

000 -LEADER
fixed length control field 00652cam a2200217Ia 4500
020 ## - INTERNATIONAL STANDARD BOOK NUMBER
ISBN 0060574216
020 ## - INTERNATIONAL STANDARD BOOK NUMBER
ISBN 9780060574215
040 ## - CATALOGING SOURCE
Transcribing agency NTG
082 04 - DEWEY DECIMAL CLASSIFICATION NUMBER
Classification number 646 MEN 2004 C275 Or.
100 1# - MAIN ENTRY--AUTHOR NAME
Personal name Gray, John,
245 10 - TITLE STATEMENT
Title Men are from Mars, women are from Venus :
Remainder of title the classic guide to understanding the opposite sex /
250 ## - EDITION STATEMENT
Edition statement 1st Quill ed.
260 ## - PUBLICATION, DISTRIBUTION, ETC. (IMPRINT)
Place of publication New York :
Name of publisher HarperCollins Publishers,
Year of publication 2004.
300 ## - PHYSICAL DESCRIPTION
Number of Pages xxxiii, 323 p. ;
Dimensions 20 cm.
650 #0 - SUBJECT ADDED ENTRY--TOPICAL TERM
Topical Term Marriage.
650 #0 - SUBJECT ADDED ENTRY--TOPICAL TERM
Topical Term Communication in marriage.
650 #0 - SUBJECT ADDED ENTRY--TOPICAL TERM
Topical Term Interpersonal relations.
650 #0 - SUBJECT ADDED ENTRY--TOPICAL TERM
Topical Term Communication
650 #0 - SUBJECT ADDED ENTRY--TOPICAL TERM
Topical Term Sex differences (Psychology)
942 ## - ADDED ENTRY ELEMENTS (KOHA)
Koha item type ADB
952 ## - LOCATION AND ITEM INFORMATION (KOHA)
Withdrawn status [LOCAL, KOHA] 0
Holdings
Permanent Location Date acquired Koha item type Lost status Shelving location Barcode Current Location Full call number
Library Block C2023-04-19ADB C275a071506Library Block C646 MEN 2004 C275 Or.
មជ្ឈមណ្ឌលឯការនៃសាកលវិទ្យាល័យភូមិន្ទកសិកម្មចំការដូង

Powered by Koha